000 01093cab a2200217 4500
001 ABS44540
008 090401t1991 xxu||||| |||| 00| 0 eng d
035 _a(Sirsi) u47728
041 _aeng
100 _aTong, D.
245 _aEC directive on VDUs: safety in the office
260 _c1991
350 _a0
490 _aArchitects` Journal
_v193(19) 8 May 1991, 61-63(3)
520 _aAfter the rapid development of information technology throughout the 1980s, controls are being introduced by the European Commission to regulate the use of visual display units and other screens . The contents of directive 90/270/EEC do not generally exceed current consensus on best practice, and are summarised in this article. Initially, however, the risks to health arising from screens are outlined and the enforcement provisions, inspection and penalties are examined, with reference particularly to architects` offices.
650 _aHEALTH AND SAFETY
_96244
690 _aMANAGEMENT-BUSINESS MANAGEMENT-INFORMATION MANAGEMENT
700 _aTyler, M.
942 _n0
948 _c04/03/1997
999 _c30073
_d30073